000 00361 a2200145 4500
001 169243
020 _a
040 _cMagnum
100 _aLajonquiere, Leandro de
240 1 0 _aDe piaget a freud: para repensar as aprendizagens
_lpor
245 1 0 _aDe piaget a freud: para repensar as aprendizagens
362 0 _a1899
697 _aPSICOLOGIA
942 _cBK
999 _c169243
_d169243